Niederlagen in Europäischen Turnieren - Statistiken

Allgemein
  • Dieses Quiz wurde 34 mal gespielt
  • Das Durchschnittsergebnis liegt bei 42 aus 60
Antwortstatistiken
Team/Jahr Gegner % Korrekt
25/26 Arsenal
97%
24/25 Arsenal
97%
Arsenal
97%
Barcelona
97%
23/24 Barcelona
97%
21/22 Barcelona
97%
22/23 Manchester City
97%
Manchester City
97%
Manchester City
97%
22/23 Manchester City
97%
21/22 Manchester City
97%
20/21 PSG
97%
25/26 PSG
97%
PSG
97%
24/25 PSG
97%
PSG
97%
23/24 Real Madrid
94%
22/23 Real Madrid
94%
Real Madrid
94%
21/22 Real Madrid
94%
20/21 Real Madrid
94%
Real Madrid
94%
22/23 AC Milan
91%
AC Milan
91%
24/25 Inter
91%
Inter
91%
Liverpool
91%
Liverpool
91%
Liverpool
91%
25/26 Chelsea
85%
Chelsea
85%
20/21 Chelsea
85%
Atletico Madrid
79%
Napoli
76%
25/26 Bayern
74%
Bayern
74%
Benfica
74%
Benfica
74%
Lazio
71%
21/22 Villarreal
65%
Galatasaray
56%
Galatasaray
56%
PSV Eindhoven
56%
PSV Eindhoven
56%
PSV Eindhoven
56%
RB Leipzig
53%
Feyenoord
41%
23/24 Atalanta Bergamo
38%
Atalanta Bergamo
38%
Lille
32%
Aston Villa
29%
Sheriff Tiraspol
24%
Spartak Moskau
12%
Spartak Moskau
12%
AZ Alkmaar
6%
Royale Union Saint-Gilloise
6%
Shakhtar Donetsk
6%
Shakhtar Donetsk
6%
Toulouse
3%
20/21 Granada
0%
Keine übereinstimmenden Quizze gefunden
Verteilung der Resultate
Anzahl Personen mit jedem Resultat
Perzentil nach korrekt beantworteten Fragen
Ihre Resultats-Entwicklung
Sie haben dieses Quiz noch nicht gespielt